Heinrich Mann /
Uložené v:
| Ďalší autori: | |
|---|---|
| Médium: | Kniha |
| Jazyk: | German |
| Vydané: |
Reinbek bei Hamburg :
Rowohlt Taschenbuch Verlag,
1990
|
| ISBN: |
3-499-50125-2 |
| Fyzický popis: |
189 S. |
| Tagy: |
Pridať tag
Žiadne tagy, Buďte prvý kto otaguje tento záznam!
|
Titul je dostupný aj v ... 

MARC
| LEADER | 00000nam a2200000 a 4500 | ||
|---|---|---|---|
| 001 | 000477621 | ||
| 003 | SVKK | ||
| 005 | 20050509143709.0 | ||
| 008 | 050509s1990 e gero | ||
| 020 | |a 3-499-50125-2 | ||
| 040 | |a KE001 |b ger | ||
| 080 | |a 830 |2 undef | ||
| 245 | 0 | 0 | |a Heinrich Mann / |c Dargestellt Klaus Schröter |
| 260 | |a Reinbek bei Hamburg : |b Rowohlt Taschenbuch Verlag, |c 1990 | ||
| 300 | |a 189 S. | ||
| 700 | 1 | |a Schröter, Klaus |4 com | |
| 850 | |a KE001 | ||
| 998 | |a KN | ||
| 992 | |a AAU | ||
| 090 | |g SCKGI |k Nemecká knižnica |a 830 MAN |j 199/93 |i 2720002691 |s Vyp. 4 týždne | ||